[Event "CHN-chT 3rd"]
[Site "China"]
[Date "2007.04.26"]
[Round "3"]
[White "Luo, Wei"]
[Black "Li, Shilong"]
[Result "1/2-1/2"]
[WhiteElo "2289"]
[BlackElo "2552"]
[PlyCount "99"]
[EventDate "2007.04.??"]
[EventType "team-tourn"]
[EventRounds "18"]
[EventCountry "CHN"]
[SourceTitle "EXT 2017"]
[Source "ChessBase"]
[SourceDate "2016.10.25"]
[SourceVersion "1"]
[SourceVersionDate "2016.10.25"]
[SourceQuality "1"]

1. e4 c5 2. Nf3 d6 3. Bb5+ Nd7 4. d4 cxd4 5. Qxd4 a6 6. Bxd7+ Bxd7 7. Nc3 Rc8 8. 0-0 Bc6 9. Bg5 h6 10. Bh4 e5 11. Qd3 g5 12. Bg3 Ne7 13. Nd2 f6 14. Nc4 Ng6 15. Rfd1 b5 16. Ne3 h5 17. f3 h4 18. Bf2 Nf4 19. Qd2 Qd7 20. Ncd5 Bxd5 21. Nxd5 Nxd5 22. Qxd5 g4 23. Qd3 h3 24. c3 hxg2 25. Bg3 Be7 26. fxg4 Qxg4 27. Rd2 Rf8 28. Rxg2 Qe6 29. a3 Kd7 30. Rf1 Qc4 31. Qf3 Rg8 32. Kh1 Rcf8 33. Re1 Rg5 34. Bh4 Rxg2 35. Kxg2 Qe6 36. Bg3 f5 37. exf5 Rxf5 38. Qa8 Qc4 39. Qb7+ Ke6 40. Qxa6 Qd5+ 41. Kg1 Qc5+ 42. Kg2 Qd5+ 43. Kg1 Bg5 44. Qc8+ Kf6 45. Qf8+ Kg6 46. Qe8+ Kh6 47. Qh8+ Kg6 48. Qe8+ Kg7 49. Qd7+ Kg6 50. Qe8+ 1/2-1/2

[Event "CHN-chT final-B 1st"]
[Site "China"]
[Date "2005.09.14"]
[Round "3"]
[White "Luo, Wei"]
[Black "Wang, Rui"]
[Result "0-1"]
[WhiteElo "2302"]
[BlackElo "2475"]
[PlyCount "104"]
[EventDate "2005.11.??"]
[EventType "team-tourn"]
[EventRounds "5"]
[EventCountry "CHN"]
[SourceTitle "EXT 2017"]
[Source "ChessBase"]
[SourceDate "2016.10.25"]
[SourceVersion "1"]
[SourceVersionDate "2016.10.25"]
[SourceQuality "1"]

1. e4 c5 2. Nf3 e6 3. d4 cxd4 4. Nxd4 Nc6 5. Nb5 d6 6. c4 Nf6 7. N5c3 Be7 8. Be2 0-0 9. 0-0 b6 10. Be3 Bb7 11. Na3 Rc8 12. Qa4 Qc7 13. Rac1 Qb8 14. Rfd1 Rfd8 15. Nab5 Nd7 16. b4 a6 17. Nd4 Nxd4 18. Bxd4 Bg5 19. Rc2 e5 20. Be3 Bxe3 21. fxe3 a5 22. a3 Bc6 23. Qb3 Nf6 24. Bf3 Qa8 25. Nd5 Bxd5 26. exd5 Qa7 27. Kh1 Ra8 28. h3 g6 29. c5 axb4 30. axb4 bxc5 31. bxc5 dxc5 32. Qc3 Qa4 33. Rcc1 Ne4 34. Bxe4 Qxe4 35. d6 Ra2 36. Rd2 Rxd2 37. Qxd2 Qc6 38. Rd1 c4 39. Qc3 Rxd6 40. Rxd6 Qxd6 41. Qxc4 h5 42. Qc3 Qd5 43. Kh2 Kg7 44. Qb4 Kf6 45. e4 Qd4 46. Qb7 Qd2 47. Qa8 Kg7 48. Kh1 Qc1+ 49. Kh2 g5 50. Qd5 Qf4+ 51. Kh1 g4 52. hxg4 hxg4 0-1

[Event "CHN-chT final-B 1st"]
[Site "China"]
[Date "2005.09.13"]
[Round "2"]
[White "Xiu, Deshun"]
[Black "Luo, Wei"]
[Result "0-1"]
[WhiteElo "2343"]
[BlackElo "2302"]
[PlyCount "120"]
[EventDate "2005.11.??"]
[EventType "team-tourn"]
[EventRounds "5"]
[EventCountry "CHN"]
[SourceTitle "EXT 2017"]
[Source "ChessBase"]
[SourceDate "2016.10.25"]
[SourceVersion "1"]
[SourceVersionDate "2016.10.25"]
[SourceQuality "1"]

1. d4 d5 2. c4 e6 3. Nc3 c5 4. cxd5 exd5 5. Nf3 Nc6 6. g3 Nf6 7. Bg2 Be7 8. 0-0 0-0 9. Bg5 cxd4 10. Nxd4 h6 11. Be3 Re8 12. Rc1 Bf8 13. Na4 Bd7 14. Nc5 Ne5 15. Ndb3 Bc6 16. Bd4 a5 17. Nd2 a4 18. Nd3 Nxd3 19. exd3 Bd6 20. f4 Bc7 21. Qf3 Ba5 22. Rc2 Bb6 23. Qf2 Bxd4 24. Qxd4 Ng4 25. Rcc1 Qa5 26. Nb1 Ne3 27. Rf2 Nf5 28. Qc3 Qb6 29. Nd2 Nd4 30. Bf1 Re3 31. Qc5 Qxc5 32. Rxc5 Rae8 33. Nb1 Nf3+ 34. Kg2 Ne1+ 35. Kg1 Nxd3 36. Bxd3 Rxd3 37. Nd2 d4 38. Rc1 Rde3 39. Kf1 d3 40. Nc4 Re2 41. Ne5 Bb5 42. Rxe2 dxe2+ 43. Ke1 f6 44. Nf3 Rd8 45. Ng1 Kf7 46. Nxe2 Re8 47. Rc2 Kg6 48. Kf2 Bxe2 49. Rxe2 Rxe2+ 50. Kxe2 Kf5 51. Kf3 h5 52. h3 Ke6 53. Ke4 f5+ 54. Kd4 Kd6 55. Kc4 Kc6 56. Kd4 Kd6 57. Kc4 Kc6 58. Kb4 h4 59. gxh4 Kd5 60. Kxa4 Ke4 0-1

[Event "Torch Cup"]
[Site "Xiapu"]
[Date "2005.06.24"]
[Round "17"]
[White "Luo, Wei"]
[Black "Wang, Rui"]
[Result "1-0"]
[WhiteElo "2302"]
[BlackElo "2457"]
[PlyCount "81"]
[EventDate "2005.06.21"]
[EventType "team-tourn"]
[EventRounds "19"]
[EventCountry "CHN"]
[SourceTitle "CBM 106 Extra"]
[Source "ChessBase"]
[SourceDate "2005.07.01"]
[SourceVersion "1"]
[SourceVersionDate "2005.07.01"]
[SourceQuality "1"]

1. e4 c5 2. c4 Nc6 3. Nc3 g6 4. Nge2 Bg7 5. d3 a6 6. a4 e6 7. g3 Nge7 8. Bg2 0-0 9. 0-0 b6 10. Bf4 Bb7 11. Qd2 Nd4 12. Nxd4 cxd4 13. Ne2 Re8 14. b4 f5 15. Bh6 Bh8 16. h4 Rc8 17. Rac1 Rc7 18. h5 Kf7 19. Bg5 Rg8 20. hxg6+ hxg6 21. exf5 gxf5 22. Bxb7 Rxb7 23. Kg2 Qa8 24. Bxe7 Rbb8+ 25. f3 Kxe7 26. Rh1 Rg7 27. Kf2 Rf8 28. Qf4 Qb8 29. Qxd4 Rgf7 30. Qe3 Rg8 31. c5 bxc5 32. bxc5 Rxg3 33. c6 f4 34. Qc5+ d6 35. c7 Qb7 36. Qc6 Qa7+ 37. d4 Bxd4+ 38. Kf1 Rg8 39. c8N+ Rxc8 40. Qxc8 Bc5 41. Rb1 1-0

[Event "Torch Cup"]
[Site "Xiapu"]
[Date "2005.06.21"]
[Round "14"]
[White "Li, Chao B"]
[Black "Luo, Wei"]
[Result "1/2-1/2"]
[WhiteElo "2320"]
[BlackElo "2302"]
[PlyCount "128"]
[EventDate "2005.06.21"]
[EventType "team-tourn"]
[EventRounds "19"]
[EventCountry "CHN"]
[SourceTitle "CBM 106 Extra"]
[Source "ChessBase"]
[SourceDate "2005.07.01"]
[SourceVersion "1"]
[SourceVersionDate "2005.07.01"]
[SourceQuality "1"]

1. e4 c5 2. Nf3 a6 3. c4 d6 4. d4 cxd4 5. Nxd4 Nf6 6. Nc3 g6 7. Be2 Nc6 8. Be3 Bg7 9. 0-0 0-0 10. Rc1 Nxd4 11. Bxd4 Bd7 12. a4 Qa5 13. Qd3 Rac8 14. Bxf6 Bxf6 15. Nd5 Be6 16. Nxf6+ exf6 17. b3 Rfd8 18. Qd4 Qb4 19. Rc3 f5 20. exf5 Bxf5 21. Rd1 b5 22. axb5 axb5 23. h4 bxc4 24. h5 Qc5 25. hxg6 hxg6 26. Qh4 Re8 27. Bxc4 d5 28. Rxd5 Qxd5 29. Bxd5 Rxc3 30. Qf6 Rc1+ 31. Kh2 Be6 32. Be4 Kh7 33. Qb2 Rcc8 34. b4 Bc4 35. f3 Rb8 36. Qd4 Rec8 37. Qd6 Be6 38. Bc6 Rb6 39. b5 Rcb8 40. Qd4 Rxb5 41. Bxb5 Rxb5 42. Kg3 Rd5 43. Qc3 Kg8 44. Kf4 Kh7 45. g4 Kg8 46. Kg3 g5 47. Qf6 Kh7 48. Qb2 Kg8 49. Qc3 Kh7 50. f4 gxf4+ 51. Kxf4 Kg8 52. Qf6 Kh7 53. Kg3 Kg8 54. Kh4 Kf8 55. Qc3 Ke8 56. g5 Rf5 57. Qd4 Ke7 58. Qb4+ Ke8 59. Qd6 Bd7 60. Qb8+ Ke7 61. Qb4+ Ke8 62. Qe4+ Kd8 63. Qe3 Kc8 64. Qc3+ Kd8 1/2-1/2

[Event "CHN-chT Torch Real Estate Cup"]
[Site "Wuxi"]
[Date "2005.05.14"]
[Round "13"]
[White "Luo, Wei"]
[Black "Yu, Shaoteng"]
[Result "1/2-1/2"]
[WhiteElo "2302"]
[BlackElo "2506"]
[PlyCount "44"]
[EventDate "2005.05.08"]
[EventType "team-tourn"]
[EventRounds "13"]
[EventCountry "CHN"]
[SourceTitle "CBM 106 Extra"]
[Source "ChessBase"]
[SourceDate "2005.07.01"]
[SourceVersion "1"]
[SourceVersionDate "2005.07.01"]
[SourceQuality "1"]

1. e4 e6 2. Nf3 d5 3. exd5 exd5 4. d4 Bg4 5. Bd3 Nc6 6. c3 Qf6 7. Be3 Bxf3 8. gxf3 Bd6 9. Nd2 Nge7 10. Qb3 0-0-0 11. 0-0-0 Rhe8 12. Rde1 Bf4 13. Qa4 Kb8 14. Nb3 Nc8 15. Nc5 Nb6 16. Qd1 Re7 17. Qd2 Bxe3 18. Rxe3 Rde8 19. Rhe1 a6 20. Rxe7 Nxe7 21. Qe3 Nd7 22. f4 Ng6 1/2-1/2

[Event "CHN-chT Torch Real Estate Cup"]
[Site "Wuxi"]
[Date "2005.05.10"]
[Round "9"]
[White "Zhou, Weiqi"]
[Black "Luo, Wei"]
[Result "1-0"]
[WhiteElo "2397"]
[BlackElo "2302"]
[PlyCount "117"]
[EventDate "2005.05.08"]
[EventType "team-tourn"]
[EventRounds "13"]
[EventCountry "CHN"]
[SourceTitle "CBM 106 Extra"]
[Source "ChessBase"]
[SourceDate "2005.07.01"]
[SourceVersion "1"]
[SourceVersionDate "2005.07.01"]
[SourceQuality "1"]

1. e4 c5 2. Nc3 Nc6 3. Bb5 Nd4 4. Bc4 e6 5. Nge2 Ne7 6. Nxd4 cxd4 7. Ne2 Nc6 8. 0-0 Be7 9. d3 0-0 10. a3 Re8 11. Ba2 d6 12. Ng3 Bh4 13. Qh5 Bxg3 14. fxg3 Ne5 15. Bf4 Qc7 16. Rf2 Rf8 17. Raf1 a5 18. Bxe5 dxe5 19. g4 f6 20. g5 Qe7 21. Qh4 Bd7 22. gxf6 gxf6 23. Rxf6 Qg7 24. Rxf8+ Rxf8 25. Rxf8+ Qxf8 26. Qg5+ Kf7 27. Qxe5 Qh6 28. Qxd4 Qc1+ 29. Kf2 Qxc2+ 30. Kg3 Ke7 31. e5 Qe2 32. h3 Ke8 33. Kh4 Qxg2 34. Qg4 Qf2+ 35. Kh5 Qxb2 36. Qg8+ Ke7 37. Qg7+ Kd8 38. Qf6+ Kc7 39. Bxe6 Qe2+ 40. Kh6 Bxe6 41. Qxe6 Qxd3 42. Qf7+ Kb8 43. e6 Qxh3+ 44. Kg7 Qg3+ 45. Kh8 Qe5+ 46. Kg8 Qg5+ 47. Kf8 Qh6+ 48. Ke8 Qc1 49. Qd7 Qg1 50. Qd8+ Ka7 51. Qxa5+ Kb8 52. Qe5+ Kc8 53. Kf8 Qf1+ 54. Ke7 Qg1 55. Qh8+ Kc7 56. Qd8+ Kc6 57. Qd6+ Kb5 58. Kd7 Kc4 59. e7 1-0

[Event "Jinan Torch Cup"]
[Site "Jinan"]
[Date "2005.04.24"]
[Round "5"]
[White "Qiu, Tong"]
[Black "Luo, Wei"]
[Result "0-1"]
[WhiteElo "2263"]
[BlackElo "2302"]
[PlyCount "112"]
[EventDate "2005.04.20"]
[EventType "team-tourn"]
[EventRounds "9"]
[EventCountry "CHN"]
[SourceTitle "CBM 106 Extra"]
[Source "ChessBase"]
[SourceDate "2005.07.01"]
[SourceVersion "1"]
[SourceVersionDate "2005.07.01"]
[SourceQuality "1"]

1. e4 c5 2. Nf3 g6 3. d4 cxd4 4. Nxd4 Bg7 5. c4 Nf6 6. Nc3 Nc6 7. Be3 0-0 8. Be2 d6 9. 0-0 Nxd4 10. Bxd4 Be6 11. Qd2 Qa5 12. Rad1 Rfc8 13. b3 Qd8 14. f4 a6 15. f5 Bd7 16. Qf4 Bc6 17. g4 Nd7 18. Bxg7 Kxg7 19. g5 gxf5 20. Qxf5 Qb6+ 21. Kh1 Ne5 22. Nd5 Bxd5 23. Rxd5 Kh8 24. Rxe5 dxe5 25. Qxe5+ Kg8 26. Bh5 Rf8 27. Qxe7 Rae8 28. Bxf7+ Kh8 29. Qf6+ Qxf6 30. Rxf6 Rxe4 31. Bd5 Re1+ 32. Kg2 Rxf6 33. gxf6 b6 34. b4 Rb1 35. a3 Rb3 36. c5 Rb2+ 37. Kf3 bxc5 38. bxc5 Rb5 39. Ke4 Rxc5 40. Ke5 Ra5 41. Kd6 Rxa3 42. h4 Re3 43. h5 h6 44. Be6 Rf3 45. Ke7 a5 46. Kf7 Kh7 47. Ba2 a4 48. Bb1+ Kh8 49. Kg6 Rg3+ 50. Kf7 Rg1 51. Ba2 Rg2 52. Bd5 a3 53. Ke7 a2 54. Bxa2 Rxa2 55. f7 Ra7+ 56. Kf6 Ra8 0-1

[Event "Jinan Torch Cup"]
[Site "Jinan"]
[Date "2005.04.23"]
[Round "4"]
[White "Luo, Wei"]
[Black "Wu, Xibin"]
[Result "1-0"]
[WhiteElo "2302"]
[BlackElo "2390"]
[PlyCount "63"]
[EventDate "2005.04.20"]
[EventType "team-tourn"]
[EventRounds "9"]
[EventCountry "CHN"]
[SourceTitle "CBM 106 Extra"]
[Source "ChessBase"]
[SourceDate "2005.07.01"]
[SourceVersion "1"]
[SourceVersionDate "2005.07.01"]
[SourceQuality "1"]

1. e4 c5 2. Nf3 d6 3. Bb5+ Bd7 4. Bxd7+ Qxd7 5. 0-0 Nc6 6. c3 Nf6 7. d4 Nxe4 8. d5 Ne5 9. Re1 Nxf3+ 10. Qxf3 Nf6 11. Na3 e5 12. dxe6 fxe6 13. Bg5 Be7 14. Nc4 0-0-0 15. Rad1 h6 16. Bh4 d5 17. Qh3 Rhe8 18. Ne5 Qa4 19. b3 Qxa2 20. Qxe6+ Kc7 21. Qf7 Kb6 22. Bxf6 Bxf6 23. Nd7+ Rxd7 24. Qxe8 Rd6 25. Rxd5 Rc6 26. Rd7 Bxc3 27. Rxb7+ Kxb7 28. Re7+ Kb6 29. Qb8+ Ka5 30. Rxa7+ Ra6 31. Rxa6+ Kxa6 32. Qa8+ 1-0

[Event "Jinan Torch Cup"]
[Site "Jinan"]
[Date "2005.04.20"]
[Round "1"]
[White "Tong, Yuanming"]
[Black "Luo, Wei"]
[Result "1-0"]
[WhiteElo "2510"]
[BlackElo "2302"]
[PlyCount "69"]
[EventDate "2005.04.20"]
[EventType "team-tourn"]
[EventRounds "9"]
[EventCountry "CHN"]
[SourceTitle "CBM 106 Extra"]
[Source "ChessBase"]
[SourceDate "2005.07.01"]
[SourceVersion "1"]
[SourceVersionDate "2005.07.01"]
[SourceQuality "1"]

1. e4 c5 2. Nf3 g6 3. d4 cxd4 4. Nxd4 Bg7 5. c4 Nf6 6. Nc3 Nc6 7. Nc2 0-0 8. Be2 d6 9. 0-0 Nd7 10. Be3 Nc5 11. f3 Bxc3 12. bxc3 Qa5 13. Qe1 f5 14. exf5 Bxf5 15. Nb4 Rf7 16. Kh1 Qa3 17. Nd5 Nd3 18. Qd2 Nce5 19. Bd4 Qb2 20. Qxb2 Nxb2 21. c5 Nc6 22. Bg1 dxc5 23. Bxc5 Rd8 24. Nb4 e6 25. Be3 Nxb4 26. cxb4 Bd3 27. Bxd3 Nxd3 28. b5 b6 29. h3 Rc7 30. a4 Nb4 31. a5 bxa5 32. Rxa5 Rd5 33. Rb1 Nc6 34. b6 Rxa5 35. bxc7 1-0

[Event "Asia-chT fin 12th"]
[Site "Shenyang"]
[Date "1999.10.11"]
[Round "3"]
[White "Luo, Wei"]
[Black "Li, Wenjun"]
[Result "0-1"]
[WhiteElo "2169"]
[BlackElo "2342"]
[PlyCount "60"]
[EventDate "1999.10.10"]
[EventType "team-tourn"]
[EventRounds "9"]
[EventCountry "CHN"]
[SourceTitle "EXT 2000"]
[Source "ChessBase"]
[SourceDate "1999.11.16"]
[SourceVersion "1"]
[SourceVersionDate "1999.11.16"]
[SourceQuality "1"]
[WhiteTeam "China III"]
[BlackTeam "China II"]
[WhiteTeamCountry "CHN"]
[BlackTeamCountry "CHN"]

1. e4 e6 2. d4 d5 3. Nc3 Nf6 4. Bg5 Be7 5. e5 Nfd7 6. h4 a6 7. Qg4 Bxg5 8. hxg5 c5 9. dxc5 Nxe5 10. Qg3 Nbc6 11. 0-0-0 Qe7 12. f4 Nd7 13. Nf3 Nxc5 14. g6 fxg6 15. Rxh7 Rxh7 16. Qxg6+ Qf7 17. Qxh7 Bd7 18. Qh8+ Qf8 19. Qh5+ Qf7 20. Qh4 Qf6 21. Qh8+ Qf8 22. Qh5+ Qf7 23. Qg5 Qf6 24. g3 0-0-0 25. Bg2 Ne4 26. Nxe4 dxe4 27. Nd2 e3 28. Ne4 Qxg5 29. Nd6+ Kc7 30. fxg5 e2 0-1

[Event "Artek ol U16"]
[Site "Artek"]
[Date "1999.09.20"]
[Round "9"]
[White "Jianu, Vlad Cristian"]
[Black "Luo, Wei"]
[Result "1/2-1/2"]
[WhiteElo "2194"]
[BlackElo "2169"]
[PlyCount "119"]
[EventDate "1999.09.09"]
[EventType "team-tourn"]
[EventRounds "9"]
[EventCountry "UKR"]
[SourceTitle "EXT 2000"]
[Source "ChessBase"]
[SourceDate "1999.11.16"]
[SourceVersion "1"]
[SourceVersionDate "1999.11.16"]
[SourceQuality "1"]

1. d4 Nf6 2. c4 g6 3. Nc3 Bg7 4. e4 d6 5. f4 0-0 6. Nf3 c5 7. dxc5 Qa5 8. Bd3 Qxc5 9. Qe2 Nc6 10. Be3 Qa5 11. 0-0 Bg4 12. Qf2 Bxf3 13. gxf3 Nh5 14. Rac1 Bh6 15. Qh4 e5 16. Nd5 exf4 17. Bxf4 Bxf4 18. Nxf4 Nxf4 19. Qxf4 Qxa2 20. Rf2 Qa5 21. Kh1 Ne5 22. Bf1 Rac8 23. h4 h5 24. Rg2 Qd8 25. c5 Qe7 26. Rg5 f6 27. Rg2 Rxc5 28. Rxc5 dxc5 29. Qh6 Rf7 30. Qe3 Kg7 31. Be2 Qd7 32. f4 Ng4 33. Qxc5 Qc7 34. Qxc7 Rxc7 35. Bxg4 hxg4 36. Rxg4 Kh6 37. f5 gxf5 38. exf5 Kh5 39. Re4 Rc1+ 40. Kg2 Rc2+ 41. Kg3 Rxb2 42. Re6 Rb6 43. Kh3 Rb3+ 44. Kg2 Kxh4 45. Rxf6 Kg5 46. Rf8 Rb6 47. Kf3 Rf6 48. Rc8 Rxf5+ 49. Ke4 Ra5 50. Rf8 Kg6 51. Rb8 Rb5 52. Ra8 a6 53. Rf8 Kg7 54. Rf1 Rc5 55. Rb1 Rc7 56. Ke5 Kf8 57. Kd6 Rh7 58. Kc5 Ke8 59. Kb6 Kd8 60. Rd1+ 1/2-1/2

[Event "Artek ol U16"]
[Site "Artek"]
[Date "1999.09.19"]
[Round "8"]
[White "Korotkjevich, Stanislav"]
[Black "Luo, Wei"]
[Result "1-0"]
[WhiteElo "2264"]
[BlackElo "2169"]
[PlyCount "71"]
[EventDate "1999.09.09"]
[EventType "team-tourn"]
[EventRounds "9"]
[EventCountry "UKR"]
[SourceTitle "EXT 2000"]
[Source "ChessBase"]
[SourceDate "1999.11.16"]
[SourceVersion "1"]
[SourceVersionDate "1999.11.16"]
[SourceQuality "1"]

1. d4 Nf6 2. Nf3 g6 3. c4 Bg7 4. Nc3 0-0 5. e4 d6 6. Be2 e5 7. d5 a5 8. Bg5 h6 9. Bh4 Qe8 10. Nd2 Na6 11. 0-0 Bd7 12. b3 Nh7 13. a3 g5 14. Bg3 f5 15. exf5 e4 16. Ndxe4 Bxf5 17. Bg4 Bxg4 18. Qxg4 h5 19. Qd1 h4 20. Bxd6 cxd6 21. Nxd6 Qg6 22. Ndb5 Rad8 23. Rc1 Bxc3 24. Rxc3 Nf6 25. Re3 Rfe8 26. Qd4 Nh5 27. Rfe1 Rf8 28. Re7 Nf4 29. d6 Nb8 30. c5 Nc6 31. Qc4+ Kh8 32. Nc7 Qf5 33. Qc3+ Rf6 34. f3 Rdf8 35. Ne8 Nxe7 36. Nxf6 1-0

[Event "Artek ol U16"]
[Site "Artek"]
[Date "1999.09.18"]
[Round "7"]
[White "Luo, Wei"]
[Black "Eljanov, Pavel"]
[Result "1-0"]
[WhiteElo "2169"]
[BlackElo "2447"]
[PlyCount "71"]
[EventDate "1999.09.09"]
[EventType "team-tourn"]
[EventRounds "9"]
[EventCountry "UKR"]
[SourceTitle "EXT 2000"]
[Source "ChessBase"]
[SourceDate "1999.11.16"]
[SourceVersion "1"]
[SourceVersionDate "1999.11.16"]
[SourceQuality "1"]

1. e4 c5 2. Nf3 Nc6 3. d4 cxd4 4. Nxd4 e5 5. Nb5 d6 6. N1c3 a6 7. Na3 Be7 8. Nc4 b5 9. Ne3 Nf6 10. Ned5 0-0 11. Be3 Nxd5 12. Nxd5 Rb8 13. Be2 Bg5 14. 0-0 Be6 15. Bxg5 Qxg5 16. c3 Rbd8 17. Nc7 Qe7 18. Nd5 Qb7 19. Qd3 Na5 20. b3 Rc8 21. Rac1 Nc6 22. Rfd1 Qa7 23. g3 h6 24. b4 Ne7 25. a4 Nxd5 26. exd5 Bd7 27. axb5 axb5 28. c4 bxc4 29. Rxc4 Rxc4 30. Qxc4 Rc8 31. Qa6 Qxa6 32. Bxa6 Rb8 33. b5 Rb6 34. Rb1 f5 35. Kf1 Kf7 36. Ke2 1-0

[Event "Artek ol U16"]
[Site "Artek"]
[Date "1999.09.14"]
[Round "4"]
[White "Gajewski, Grzegorz"]
[Black "Luo, Wei"]
[Result "1-0"]
[WhiteElo "2127"]
[BlackElo "2169"]
[PlyCount "63"]
[EventDate "1999.09.09"]
[EventType "team-tourn"]
[EventRounds "9"]
[EventCountry "UKR"]
[SourceTitle "EXT 2000"]
[Source "ChessBase"]
[SourceDate "1999.11.16"]
[SourceVersion "1"]
[SourceVersionDate "1999.11.16"]
[SourceQuality "1"]

1. e4 c5 2. Nf3 d6 3. c3 Nf6 4. Be2 Nc6 5. d4 Bg4 6. 0-0 e5 7. dxe5 dxe5 8. Qc2 Be7 9. Nbd2 0-0 10. h3 Bxf3 11. Nxf3 a6 12. Rd1 Qc7 13. Bg5 Nh5 14. Be3 Rfd8 15. Bc4 Na5 16. Bd5 Nf6 17. b3 h6 18. Nh2 Nc6 19. Ng4 Nxg4 20. hxg4 Rd7 21. Qe2 Rad8 22. Qf3 Bf8 23. g5 hxg5 24. Bxg5 Re8 25. Qh5 Nd8 26. Rd3 Rxd5 27. Rh3 f6 28. exd5 Re7 29. Qh7+ Kf7 30. Bxf6 Rd7 31. Bxd8 Rxd8 32. Rf3+ 1-0

[Event "Artek ol U16"]
[Site "Artek"]
[Date "1999.09.12"]
[Round "3"]
[White "Luo, Wei"]
[Black "Baltag, Iulian"]
[Result "1/2-1/2"]
[WhiteElo "2169"]
[BlackElo "2218"]
[PlyCount "101"]
[EventDate "1999.09.09"]
[EventType "team-tourn"]
[EventRounds "9"]
[EventCountry "UKR"]
[SourceTitle "EXT 2000"]
[Source "ChessBase"]
[SourceDate "1999.11.16"]
[SourceVersion "1"]
[SourceVersionDate "1999.11.16"]
[SourceQuality "1"]

1. e4 c5 2. Nf3 e6 3. d4 cxd4 4. Nxd4 Nf6 5. Nc3 Nc6 6. Ndb5 Bb4 7. a3 Bxc3+ 8. Nxc3 d5 9. Bd3 d4 10. Ne2 0-0 11. f4 Nd7 12. 0-0 Nc5 13. b4 Nxd3 14. Qxd3 e5 15. b5 Ne7 16. fxe5 Ng6 17. Qxd4 Bg4 18. Qxd8 Rfxd8 19. Nf4 Nxe5 20. Nd5 Ng6 21. Be3 Be2 22. Rfe1 Bc4 23. Red1 Rac8 24. b6 Bxd5 25. exd5 axb6 26. Bxb6 Rd6 27. Bf2 Rxc2 28. Bg3 Rd7 29. Rab1 h5 30. Rb4 Ne7 31. d6 Nf5 32. Bf4 Nh4 33. Rd2 Rxd2 34. Bxd2 Nf5 35. Bf4 f6 36. h3 Kf7 37. g4 hxg4 38. hxg4 Nxd6 39. Bxd6 Rxd6 40. Rxb7+ Kg6 41. Kf2 Ra6 42. Rb3 Ra4 43. Kg3 Kg5 44. Rb5+ Kh6 45. Rb3 g6 46. Rc3 Kg5 47. Rc5+ f5 48. gxf5 Rxa3+ 49. Kf2 gxf5 50. Rc4 Rb3 51. Ra4 1/2-1/2